¿Qué ciudad en Ecuador? - Estadísticas

Estadísticas generales
  • Esta prueba ha sido intentada 92 veces
  • La puntuación promedio es 11 de 16
Estadísticas de respuestas
Pista Ciudad % Correcto
Una de las capitales más elevadas del mundo Q Quito
96%
Ciudad más poblada del país G Guayaquil
94%
Considerado como la "capital musical y cultural del Ecuador" L Loja
89%
Bien conocido por su cultura afroecuatoriana E Esmeraldas
79%
Su nombre viene de la palabra vasca de "la vega" I Ibarra
77%
Evangelizado por predicadores dominicos, comparte su nombre con una capital caribeña S Santo Domingo
74%
Su nombre completo es Santa Ana de los Ríos de ______ C Cuenca
72%
25 km del Chimborazo, es común iniciar el viaje del ascenso aquí R Riobamba
72%
Es ciudad fronteriza con Colombia T Tulcán
70%
Ciudades principales de la Conurbación de Manabí central M Manta
68%
Ciudades principales de la Conurbación de Manabí central P Portoviejo
66%
Esta ciudad de Pichincha alberga el Independiente del Valle S Sangolquí
66%
Estando en la costa sur, es el segundo puerto más importante del país M Machala
64%
Comparte su nombre con un escritor del Siglo de Oro y un cantante contemporáneo Q Quevedo
53%
Esta turística "Ciudad del Volcán" solo cuenta con unos 14.000 habitantes B Baños
47%
Este Pueblo Mágico es Patrimonio Cultural por la Unesco Z Zaruma
40%
No se encontraron pruebas coincidentes
Distribución de puntuación
Porcentaje de gente con cada puntuación
Porcentaje por número respondido
Historial de tus puntuaciones
No has intentado esta prueba.